logo

Bir Sreshtho Munshi Abdur Rouf Library
Jhenaidah Cadet College

Twentieth-century English literature / (Record no. 8948)

MARC details
000 -LEADER
fixed length control field 00915nam a2200301 a 4500
001 - CONTROL NUMBER
JCCL Control Number 8948
003 - CONTROL NUMBER IDENTIFIER
JCCL marc code BD-JhCC
005 - DATE AND TIME OF LATEST TRANSACTION
control field 20180305203342.0
008 - FIXED-LENGTH DATA ELEMENTS--GENERAL INFORMATION
fixed length control field 850612s1982 enkaf b 001 0 eng
020 ## - INTERNATIONAL STANDARD BOOK NUMBER
International Standard Book Number 0333270207
020 ## - INTERNATIONAL STANDARD BOOK NUMBER
International Standard Book Number 0333270215 (pbk.)
035 ## - SYSTEM CONTROL NUMBER
system control number (BD-JhCC)8948
040 ## - CATALOGING SOURCE
Original cataloging agency DLC
Transcribing agency DLC
Modifying agency DLC
-- BD-JhCC
041 ## - LANGUAGE CODE
Language code of Book eng
050 00 - LIBRARY OF CONGRESS CALL NUMBER
Classification number PR471
Item number .B55 1982b
082 00 - DEWEY DECIMAL CLASSIFICATION NUMBER
Classification number 820/.9/0091
DDC Edition number 19
Author mark and Year BLA 1982
100 1# - MAIN ENTRY--PERSONAL NAME
Personal name Blamires, Harry.
245 10 - TITLE STATEMENT
Title Twentieth-century English literature /
Statement of responsibility, etc Harry Blamires.
260 ## - PUBLICATION, DISTRIBUTION, ETC. (IMPRINT)
Place of publication, distribution, etc [London] :
Name of publisher, distributor, etc Macmillan Press,
Date of publication, distribution, etc 1982.
300 ## - PHYSICAL DESCRIPTION
Pagination vii, 304 p., [16] p. of plates :
Other physical details ill. ;
Dimensions 23 cm.
440 #0 -
Title Macmillan history of literature
500 ## - GENERAL NOTE
General note Includes index.
504 ## - BIBLIOGRAPHY, ETC. NOTE
Bibliography, etc Bibliography: p. [275]-[278].
650 #0 - SUBJECT ADDED ENTRY--TOPICAL TERM
Topical term or geographic name as entry element English literature
Chronological subdivision 20th century
General subdivision History and criticism.
740 0# -
Uncontrolled related/analytical title 20th century English literature.
942 ## - ADDED ENTRY ELEMENTS (KOHA)
Source of classification or shelving scheme Dewey Decimal Classification
Koha item type Books
Holdings
Source of classification or shelving scheme Damaged status Not for loan Home library Current library Shelving location Total Checkouts Full call number Barcode Date last seen Copy number Koha item type
Dewey Decimal Classification     JCC Rouf Library JCC Rouf Library General Stacks   820/.9/0091 BLA 1982 11939 03/05/2018 C - 1 Books

JCC Library | Contacts | JCC Home

Last Update on 23 September 2017
Copyright @ 2017-2020 JCC Rouf Library
Rouf Library, Jhenidah Cadet College (JCC), Bangladesh